| 000 | 00426nam a2200157Ia 4500 | ||
|---|---|---|---|
| 008 | 230312s9999||||xx |||||||||||||| ||und|| | ||
| 020 | _a9788184312683 | ||
| 082 |
_a621.3819 _bBAK-E |
||
| 100 | _aBakshi, U.A | ||
| 245 | 0 | _aElectronic Instrumentation | |
| 260 |
_bTechnical _aPune _c2008 |
||
| 300 | _a8-10 | ||
| 546 | _aEng. | ||
| 650 |
_aEngineering _vVoltmmeters, Multimaters, Digital instuents, Oscilloscopes |
||
| 942 | _cBK | ||
| 999 |
_c1622 _d1622 |
||